000 00878nam a2200253Ia 4500
003 OSt
005 20220923211638.0
006 a|||||r|||| 00| 0
007 ta
008 220922b |||||||| |||| 00| 0 hin d
024 _a38,801
037 _cTextual
040 _aARTS
_cARTS
_bhin
041 _2hin
_ahin
082 _aO15v, 152K9;L8-;1 (TTPS)
100 _aउपाध्याय, बलदेव
245 0 _aसंस्कृत शास्त्रों का इतिहास
246 _aSanskṛut shāstroan kā itihāsa
260 _aवाराणसी
_b ैशारदा मन्दिर
_c1969
300 _a680पृ.
_ccm.
650 _aहिन्दी साहित्य
_9156264
942 _hO15v, 152K9;L8-;1 (TTPS)
_cTEXL
_2CC
999 _c302011
_d302011